| 000 | 00636aam a2200253 4500 | ||
|---|---|---|---|
| 005 | 20170330154116.0 | ||
| 008 | 150309b xxu||||| |||| 00| 0 spa d | ||
| 020 | _a9786071713094 | ||
| 041 | _aspa | ||
| 082 | _a1.0.56 Z25n | ||
| 100 |
_aZamorano Casal, Francisco Manuel _91638 |
||
| 245 | _aEl negocio del turismo: tu empresa paso a paso | ||
| 260 | _aMéxico | ||
| 260 | _bTrillas | ||
| 260 | _c2012 | ||
| 300 | _a292 páginas | ||
| 650 |
_aTURISMO _9894 |
||
| 650 |
_aECONOMÍA _9189 |
||
| 650 |
_aNEGOCIOS _9940 |
||
| 650 |
_aPYMES _919 |
||
| 650 |
_aÉTICA _9489 |
||
| 650 |
_aPRODUCTOS TURÍSTICOS _91639 |
||
| 942 | _cBK | ||
| 999 |
_c7431 _d7431 |
||